000 00783nam a2200229 a 4500
001 40006
003 BD-RjUL
005 20211209053121.0
008 160421s1986 bg |||| |||| 00| 0 ben d
020 _c: Tk. 30.00
035 _a(BD-RjUL)40120
040 _aBD-RjUL
_bben
_cBD-RjUL
041 _aben
082 _223
_a891.443
_bPUA 1986
100 _aপুরকায়স্থ, ঝর্ণাদাশ
_9123218
245 1 0 _aঅলকাপুরী /
_cঝর্ণাদাশ পুরকায়স্থ
260 _aঢাকা :
_bপালক পাবলিশার্স,
_c১৯৮৬
300 _a৯৬ পৃ. ;
_c২৩ সেমি.
650 _aবাংলা উপন্যাস
_9123219
650 _aBengali Fiction
_9123220
942 _2ddc
_cBK
999 _c40006
_d40006